[Event "1st Irena Warakomska Memorial"]
[Site "Suwalki"]
[Date "2017.08.13"]
[Round "4"]
[White "Zylka, Stanislaw"]
[Black "Markowski, Tomasz"]
[Result "0-1"]
[WhiteElo "2368"]
[BlackElo "2552"]
[Annotator "TA"]
[PlyCount "92"]
[EventDate "2017.??.??"]
[EventType "swiss"]
[EventCountry "POL"]
[SourceTitle "playchess.com"]
[Source "ChessBase"]
[SourceQuality "1"]

{[%evp 11,92,39,85,36,49,36,33,38,38,27,36,0,10,-12,-6,-5,18,12,29,22,29,29,60,39,72,32,65,16,64,58,92,14,112,123,97,35,17,-55,-39,-43,-58,-237,-236,-318,-320,-295,-244,-342,-278,-301,-293,-396,-392,-712,-695,-724,-727,-721,-727,-720,-690,-621,-451,-443,-441,-439,-433,-460,-429,-515,-506,-574,-576,-562,-560,-895,-892,-849,-581,-802,-724,-724,-724]} 1. c4 c5 2. Nf3 g6 3. d4 Bg7 4. e4 d6 5. Be2 Nc6 (5... Bg4 6. d5 Nd7 7. O-O Ngf6 8. Nc3 O-O 9. h3 Bxf3 10. Bxf3 a6 11. Be2 Qc7 12. Bf4 Rfe8 13. Qc2 e6 14. dxe6 Rxe6 15. Rfe1 Rae8 16. Bd3 Ne5 17. Rad1 Nc6 18. Qd2 {½-½ (43) Vitiugov,N (2731)-Shomoev,A (2550) Sochi 2017}) 6. d5 {A40: Unusual replies to 1 d4} Na5 {LiveBook: 3 Games} 7. Nbd2 $146 ({Predecessor:} 7. O-O b6 8. a3 e5 9. Nc3 Nh6 10. b4 Nb7 11. bxc5 Nxc5 12. a4 O-O 13. a5 {½-½ (69) Flores,D (2580)-Dolezal,C (2386) Villa Martelli 2014}) 7... Nf6 8. Rb1 {White is slightly better.} O-O 9. a3 {[#] And now b4 would win.} b6 10. O-O e5 11. b4 Nb7 12. Ne1 Bh6 13. Bf3 Ne8 14. Nd3 $36 {[%mdl 2048] White is more active.} f6 15. g3 Qe7 16. Bg2 Bd7 17. f4 Rc8 18. Bb2 Ng7 19. Bc3 cxb4 20. axb4 exf4 21. gxf4 (21. Nxf4 $16 {next Rb2 is good for White.} Rc7 22. Ra1) 21... Bb5 (21... b5 $11) 22. Qb3 $16 Qc7 {[%cal Rb5c4]} 23. Nb2 ({Reject} 23. cxb5 $6 Qxc3 24. Qxc3 Rxc3 $14) ({White should play} 23. Bxf6 $16 Bxc4 24. Nxc4 (24. Qxc4 Qxc4 25. Nxc4 Rxc4 $14) 24... Qxc4 25. Ba1) 23... Nh5 $14 24. Rbc1 ({Don't play} 24. cxb5 Qxc3 25. Qxc3 Rxc3 $15) (24. e5 $11) 24... Bd7 $1 $15 25. Nd3 a5 26. e5 $2 (26. Qb1 $15) 26... Bf5 $19 27. exd6 Nxd6 28. Bd4 axb4 29. c5 (29. Be3 {only move.} Bxd3 30. Qxd3) 29... bxc5 30. Rxc5 Qb8 31. Nc4 Bxd3 32. Qxd3 $2 (32. Rxc8 Rxc8 33. Nxd6 Bxf1 34. Nxc8 Bxg2 35. d6+ Kg7 36. Qe6 Bxf4 37. Kxg2 Qb7+ 38. Kg1) 32... Nxf4 {Black is clearly winning.} 33. Rxf4 Bxf4 34. Na5 Rxc5 35. Bxc5 Re8 36. Nc6 Qb5 37. Qxb5 Nxb5 38. Bxb4 Bd6 39. Ba5 Re2 40. Bf1 Rb2 41. h3 Bc5+ 42. Kh1 Nd6 {[#] Threatens to win with ...Nf5.} 43. Bc3 Rb1 44. Kg2 Ne4 45. Bd3 Nxc3 46. Bxb1 Nxb1 {Precision: White = 15%, Black = 49%.} 0-1

[Event "1st Irena Warakomska Memorial"]
[Site "Suwalki"]
[Date "2017.08.13"]
[Round "4"]
[White "Lewtak, Damian"]
[Black "Molenda, Marcin"]
[Result "0-1"]
[WhiteElo "2344"]
[BlackElo "2420"]
[Annotator "TA"]
[PlyCount "70"]
[EventDate "2017.??.??"]
[EventType "swiss"]
[EventCountry "POL"]
[SourceTitle "playchess.com"]
[Source "ChessBase"]
[SourceQuality "1"]

{[%evp 24,70,0,0,0,0,0,-15,-8,-9,-16,-126,0,-12,0,0,0,0,15,-2,0,-60,-54,-50,-54,-98,-101,-92,-59,-141,-147,-116,-114,-107,-92,-87,-91,-79,-91,-134,-145,-212,-217,-210,-209,-275,-298,-353,-353]} 1. d4 d5 2. g3 Nf6 3. Bg2 Bf5 4. Nf3 e6 5. O-O h6 6. c4 c6 7. Nc3 Nbd7 8. Nd2 Be7 9. e4 dxe4 10. Ndxe4 Nxe4 11. Nxe4 O-O 12. Qe2 Nf6 {D11: Slav Defence: 3 Nf3 sidelines and 3...Nf6 4 e3 Bg4} 13. Rd1 {LiveBook: 5 Games} Qb6 (13... Nxe4 14. Bxe4 Bxe4 15. Qxe4 Bf6 16. Bf4 Qb6 17. Rd2 Qb4 18. b3 Rfd8 19. Rad1 Rd7 20. Qf3 Rad8 21. Bxh6 Rxd4 22. Rxd4 Rxd4 23. Be3 Rxd1+ {½-½ (23) Sanders,I (2262)-Cvek,R (2516) Pardubice 2014}) 14. Nxf6+ $146 ({Predecessor:} 14. Nc3 Rad8 15. Na4 Qa6 16. b3 b5 17. cxb5 Qxb5 18. Qe1 Nd5 19. Bf1 Qb8 20. Bb2 {0-1 (59) Garancovsky,P (2142)-Mashinskaya,I (2306) Presov 2002}) 14... Bxf6 {The position is equal.} 15. Be3 Rfd8 {[%cal Rf6d4]} 16. c5 Qb4 {[%cal Rf6d4]} 17. Rac1 (17. a3 $11 {keeps the balance.} Qa4 18. Rac1) 17... Rd7 (17... Bxd4 $17 18. Rc4 Qxb2) 18. Rc4 Qb5 19. b3 Qa5 20. f4 Rad8 21. g4 Bg6 22. g5 (22. Bf2 $11) 22... hxg5 $15 23. fxg5 {[#]} Be5 $1 {[%mdl 512]} 24. Bf2 ({Don't blunder} 24. Bd2 $2 Bxd4+ 25. Rxd4 Qxc5 $19) (24. dxe5 Rxd1+) 24... Qc7 25. h4 Bg3 26. Qg4 ({Better is} 26. Qf3 $15 Bxf2+ 27. Kxf2) 26... Bxf2+ $17 27. Kxf2 Bf5 28. Qg3 {[#]} Qxg3+ $1 29. Kxg3 {[#]} e5 $1 {[%mdl 512]} 30. Ra4 (30. dxe5 Rxd1) 30... a6 31. Rf1 Bd3 32. dxe5 (32. Rd1 $17 Bb5 33. Rb4) 32... Bxf1 $19 33. Bxf1 Rd4 34. Rxd4 Rxd4 35. Bc4 Re4 {Precision: White = 31%, Black = 73%.} 0-1

[Event "1st Irena Warakomska Memorial"]
[Site "Suwalki"]
[Date "2017.08.13"]
[Round "4"]
[White "Koziol, Kamil"]
[Black "Jakubowski, Krzysztof"]
[Result "1/2-1/2"]
[WhiteElo "2321"]
[BlackElo "2515"]
[Annotator "TA"]
[PlyCount "71"]
[EventDate "2017.??.??"]
[EventType "swiss"]
[EventCountry "POL"]
[SourceTitle "playchess.com"]
[Source "ChessBase"]
[SourceQuality "1"]

{[%evp 17,71,12,5,-32,56,45,79,74,182,183,185,194,259,104,110,82,104,22,30,28,24,32,24,14,19,33,90,74,122,34,34,0,0,0,0,0,0,0,0,0,0,-1652,-1455,-893,-968,-736,-717,-582,0,0,0,0,0,0,0,0]} 1. e4 c5 2. Nf3 d6 3. d4 cxd4 4. Nxd4 Nf6 5. Nc3 a6 6. Bg5 Nbd7 7. f4 Qc7 8. Qf3 {B94: Sicilian Najdorf: 6 Bg5 Nbd7} (8. Be2 e6 9. O-O Be7 10. Kh1 b5 11. Bf3 Bb7 12. Bxf6 Nxf6 13. e5 dxe5 14. fxe5 Nd7 15. Bxb7 Qxb7 {½-½ (65) Azarov,S (2582)-Fedoseev,V (2690) Minsk 2017}) 8... b5 9. O-O-O Bb7 {LiveBook: 57 Games} 10. g4 (10. Bxf6 $5 Nxf6 11. g4 $11) 10... Rc8 (10... b4 $15 11. Nd5 Nxd5 12. exd5 h6) 11. Bxf6 $1 $14 Nxf6 12. g5 b4 $146 (12... Nd7 $16) ({Find the theoretical novelty and annotate with similar games:} 12... Nd7 13. f5 Ne5 14. Qg3 Nc6 15. f6 Nxd4 16. Rxd4 {0-1 (37) Albert,G-Geronimi,P (1893) Calvi 2007}) 13. Ncb5 $1 $18 {[%cal Rb5c7]} axb5 14. gxf6 Ba6 (14... e6 $142 15. Bxb5+ Kd8) 15. fxe7 (15. e5 $18 {is more deadly.} dxe5 16. fxe5) 15... Bxe7 $16 16. Bh3 Ra8 {[#]} 17. Nf5 ({White should try} 17. Rhg1 $1 $16 {[%cal Rg1g7]} O-O 18. Be6) 17... Bb7 $11 18. Nxg7+ Kf8 19. Ne6+ fxe6 20. Bxe6 Bf6 21. Rhe1 {[#] Black must now prevent Qh5.} Rg8 ({Black should play} 21... Re8 $14 22. Qb3 Qe7) 22. Bxg8 $16 Kxg8 23. Qg4+ ({White must play} 23. Qb3+ $16 d5 24. exd5) 23... Kh8 $14 24. e5 b3 $40 {[%mdl 128] Black attacks.} 25. axb3 dxe5 26. Rd7 Ra1+ 27. Kd2 Qa5+ 28. c3 {Qh5 would kill now.} Qa2 $1 {[%cal Ra2b2]} ({But not} 28... Rxe1 $2 29. Qf5 $18) 29. Rxb7 $4 {[%mdl 8192]} (29. Rxa1 $11 Qxb2+ 30. Ke3 Qxa1 31. Rxb7 Qxc3+ 32. Ke4 Qc6+ 33. Kf5 Qxb7 34. Kxf6 exf4 35. Qxf4 Qc6+ 36. Ke7 Qb7+ 37. Kf8 Qc8+ 38. Ke7 Qb7+ 39. Kf8 Qa8+ 40. Kf7 Qd5+ 41. Ke7 Qb7+) 29... Qxb2+ $19 30. Kd3 e4+ $1 31. Kxe4 Rxe1+ 32. Kf5 Qc2+ $2 ({Better is} 32... Qd2 $19 33. Rxh7+ Kxh7 34. Qg6+ Kh8 35. Qxf6+ Kg8 36. Qg5+ Kf8 37. Qf6+ Ke8 38. Qc6+ Ke7 39. Qc7+ Qd7+ 40. Qxd7+ Kxd7) 33. Kxf6 $11 {[%csl Gb7,Gf6][%cal Rg4g7] The position is equal.} Qxc3+ 34. Kg5 {White threatens Rb8+ and mate.} Qc5+ 35. Kh4 $1 {[%csl Gb7][%cal Rg4g7]} Qf8 {Threatens to win with ...Qh6+.} 36. Qg5 {Precision: White = 40%, Black = 50%.} 1/2-1/2

[Event "1st Irena Warakomska Memorial"]
[Site "Suwalki"]
[Date "2017.08.13"]
[Round "4"]
[White "Bartel, Marta"]
[Black "Ulybin, Mikhail"]
[Result "1/2-1/2"]
[WhiteElo "2313"]
[BlackElo "2518"]
[Annotator "TA"]
[PlyCount "105"]
[EventDate "2017.??.??"]
[EventType "swiss"]
[EventCountry "POL"]
[SourceTitle "playchess.com"]
[Source "ChessBase"]
[SourceQuality "1"]

{[%evp 9,105,22,41,32,37,15,25,30,43,0,0,0,0,0,0,0,0,-6,32,17,30,0,0,-9,-10,-14,13,0,0,0,0,0,0,-18,0,0,0,0,26,0,19,0,0,1,13,0,22,17,39,18,135,47,102,106,108,106,82,31,31,35,36,30,36,40,47,47,47,47,42,53,45,50,46,11,15,13,14,0,8,0,0,0,0,0,0,0,0,0,0,0,0,0,0,-14,-14,-14,-14,-14]} 1. d4 e6 2. Bf4 c5 3. e3 Qb6 4. Nc3 Nf6 5. Nf3 Be7 (5... a6 6. Na4 Qa5+ 7. c3 cxd4 8. exd4 d6 9. b4 Qd8 10. c4 Be7 11. Be2 O-O 12. a3 Nc6 13. O-O Bd7 {1-0 (43) Bauer,C (2623)-Riff,J (2499) Berlin 2015}) 6. dxc5 {A46: 1 d4 Nf6 2 Nf3 e6: Torre, London and Colle Systems} Bxc5 7. Qd2 $146 {Threatens to win with Na4.} ({Predecessor:} 7. Na4 Qb4+ 8. c3 Qa5 9. b4 Bxb4 10. cxb4 Qxb4+ 11. Nd2 O-O 12. Rb1 Qa5 13. Bd6 {1-0 (29) Matveenko,B (2268)-Kaytazki,L (1519) ICCF email 2009}) 7... Bb4 8. Bd3 {White has an edge.} Nd5 9. e4 (9. O-O $5 {[%cal Rc3d5]}) 9... Nxf4 10. Qxf4 d6 11. e5 {aiming for Ng5.} Nd7 12. O-O {Ng5 is the strong threat.} dxe5 13. Nxe5 O-O 14. Nc4 Qc6 15. Ne4 Be7 16. Ng5 h6 17. Nf3 Bf6 18. Rad1 Nc5 19. Be2 Qe4 20. Qxe4 Nxe4 21. Nce5 b6 22. c3 Nc5 23. Ng4 Be7 24. Nge5 $36 {[%mdl 2048] Black is under pressure.} a5 25. Bb5 Bf6 26. Ng4 Bd8 27. Nge5 Bc7 28. Nc6 Kh7 29. Rfe1 f6 (29... Ba6 $11 30. Bxa6 Nxa6) 30. Ne7 (30. b4 $16 axb4 31. cxb4) 30... Bb7 {[#]} (30... Ba6 $14 31. Nd4 e5) 31. b4 $1 $16 {[%cal Rb4c5]} axb4 32. cxb4 Rf7 {[#]} 33. bxc5 ({White should play} 33. Nc6 $1 $16 Na4 34. Rxe6) 33... Rxe7 $14 34. c6 Bc8 35. a4 e5 36. Nd4 g6 37. Nc2 Be6 38. Nb4 Kg7 39. Nd5 Bxd5 40. Rxd5 Rd8 41. Rxd8 Bxd8 {[%mdl 4096] Endgame KRB-KRB. The position is equal.} 42. Rd1 Bc7 43. g3 f5 44. Rd7 Kf6 45. Kf1 Rxd7 46. cxd7 $11 {KB-KB} Ke7 47. Ke2 e4 48. f3 exf3+ 49. Kxf3 g5 50. h3 h5 {[%cal Bh6h5,Bh5h4][%mdl 32]} 51. g4 fxg4+ 52. hxg4 h4 53. Ke4 {Precision: White = 47%, Black = 55%.} 1/2-1/2

[Event "1st Irena Warakomska Memorial"]
[Site "Suwalki"]
[Date "2017.08.13"]
[Round "4"]
[White "Stachanczyk, Jacek"]
[Black "Kashlinskaya, Alina"]
[Result "0-1"]
[WhiteElo "2209"]
[BlackElo "2440"]
[Annotator "TA"]
[PlyCount "58"]
[EventDate "2017.??.??"]
[EventType "swiss"]
[EventCountry "POL"]
[SourceTitle "playchess.com"]
[Source "ChessBase"]
[SourceQuality "1"]

{[%evp 10,58,0,0,10,7,19,3,4,8,6,5,7,-27,15,0,8,8,2,2,12,9,27,10,39,37,31,-47,-48,-37,-40,-44,11,-61,-59,-101,-85,-251,-232,-235,-219,-279,-257,-358,-362,-413,-414,-29997,-29998,-29998,-29999]} 1. e4 e6 2. d4 d5 3. Nc3 Nf6 4. e5 Nfd7 5. f4 c5 6. Nf3 Be7 {C11: French: Classical System: 4 e5 and 4 Bg5 dxe4} (6... Nc6 7. Be3 a6 8. Qd2 b5 9. Be2 Be7 10. O-O O-O 11. a3 Rb8 12. Kh1 Qc7 13. dxc5 Nxc5 14. b4 Ne4 15. Nxe4 dxe4 16. Nd4 Nxd4 17. Bxd4 {½-½ (36) Vachier Lagrave,M (2791)-Bluebaum,M (2642) Dortmund 2017}) 7. Be3 b6 8. Bb5 O-O {The position is equal.} 9. O-O $146 ({Predecessor:} 9. h4 cxd4 10. Nxd4 Nc5 11. Qd2 a6 12. Bd3 f5 13. exf6 Bxf6 14. O-O-O {½-½ (24) Cabarkapa,N (2371)-Markidis,K (2343) Novi Sad 2015}) 9... a6 10. Bd3 Nc6 11. Qd2 f5 12. Kh1 cxd4 13. Nxd4 Nxd4 14. Bxd4 Nc5 15. Qe3 Bb7 16. a3 Rc8 17. b4 Qd7 18. Qd2 (18. Be2 $14) 18... Ne4 $15 19. Nxe4 dxe4 {[%cal Bd5e4,Be4e3,Be3e2][%mdl 32]} 20. Be2 Qc6 (20... b5 $15) 21. Bd1 (21. Qe3 $11) 21... Rfd8 (21... a5 $5) 22. c3 {[#]} Bc5 $1 {[%mdl 512]} 23. Bb3 $2 (23. bxc5 $17 bxc5 24. Rb1) 23... Bxd4 $19 24. cxd4 {[#]} e3 $1 {[%cal Re3d2][%mdl 512]} 25. Qa2 (25. Qxe3 Qxg2#) 25... Kh8 $40 {[%mdl 128] Black wants a kill.} 26. Bxe6 e2 $1 {[%csl Gb7][%cal Rc6g2]} 27. Rg1 Rxd4 {( -> ...Qxg2+!)} 28. Bxc8 {[#]} (28. Rae1 $19 Rd1 29. Qxe2 Rxe1 30. Rxe1 Qxe6 31. Kg1) 28... Qxg2+ $1 {[%mdl 512]} 29. Rxg2 Rd1+ {Precision: White = 19%, Black = 45%.} 0-1

[Event "1st Irena Warakomska Memorial"]
[Site "Suwalki"]
[Date "2017.08.13"]
[Round "4"]
[White "Stanisz, Patryk"]
[Black "Czerwonski, Aleksander"]
[Result "0-1"]
[WhiteElo "2100"]
[BlackElo "2392"]
[Annotator "TA"]
[PlyCount "70"]
[EventDate "2017.??.??"]
[EventType "swiss"]
[EventCountry "POL"]
[SourceTitle "playchess.com"]
[Source "ChessBase"]
[SourceQuality "1"]

{[%evp 25,70,16,27,8,-3,-10,0,0,25,0,17,17,25,38,29,33,47,8,41,0,0,-134,-108,-151,-155,-150,-92,-372,-322,-404,-450,-929,-894,-1498,-670,-1440,-699,-29985,-29986,-29985,-1700,-1579,-1558,-1530,164,-1520,-1523]} 1. d4 d6 2. c4 e5 3. Nf3 Nd7 4. Nc3 Ngf6 5. e4 g6 6. Be2 Bg7 7. O-O O-O 8. d5 Nc5 9. Qc2 a5 10. Ne1 Nfd7 11. Be3 f5 12. f3 f4 {E94: King's Indian: Classical: 6 Be2 e5 7 0-0: Various Black 7th moves} 13. Bf2 g5 {LiveBook: 3 Games} (13... h5 14. b3 g5 15. a3 Rf6 16. Rb1 Rg6 17. b4 Na6 18. Qd1 Nf8 19. g4 fxg3 20. hxg3 {½-½ (37) Tica,S (2352)-Jovanovic,Z (2526) Bosnjaci 2017}) 14. Nd3 Nxd3 {The position is equal.} 15. Bxd3 h5 16. a3 g4 17. b4 $146 ({Find the theoretical novelty and annotate with similar games:} 17. Be2 Nf6 18. Bh4 Qd7 19. b4 gxf3 20. Bxf3 {½-½ (35) Malmstroem,J (2105)-Heinrich,J (2008) IECC email 2000}) 17... Qg5 {Hoping for ...gxf3.} 18. Kh1 $1 {Black should prevent Nb5.} Nf6 19. Nb5 Ne8 ({Much worse is} 19... gxf3 $6 20. gxf3 axb4 21. c5 $16 (21. Nxc7 Rxa3 22. Rxa3 bxa3 $16)) 20. c5 Rf6 21. cxd6 Rg6 {And now ...gxf3 would win.} 22. fxg4 ({Don't play} 22. Nxc7 gxf3 23. g3 Nxc7 $16) 22... cxd6 $40 {[%mdl 128] Black mounts an attack.} 23. Bb6 (23. bxa5 $1 $11 hxg4 24. g3) 23... hxg4 $17 24. Nc7 Nxc7 25. Qxc7 Qh5 ({Better is} 25... Rh6 {...g3 is the strong threat.} 26. Qd8+ Qxd8 27. Bxd8 g3) 26. Be2 $2 {[%mdl 8192] [#]} ({Not} 26. Bxa5 $2 Rh6 $19) (26. g3 $17) 26... f3 $1 $19 {[%mdl 512]} 27. Qd8+ (27. gxf3 g3) 27... Kh7 28. Bxf3 (28. g3 $142 fxe2 29. Rf2) 28... gxf3 29. g3 Qh3 (29... Rxg3 $142 30. Rf2 Qh3) 30. Rf2 axb4 (30... Rxg3 $142 31. Raa2 axb4) 31. a4 Rxg3 32. Raa2 Rg2 (32... b3 $142 33. Rxf3 bxa2 34. Rxg3 a1=Q+ 35. Bg1 {[#]} Qe1 $1 {[%mdl 512]} 36. Rxg7+ Kxg7 37. Qe7+ Kg6 38. Qe8+ Kg5 39. Qe7+ Kf4 40. Qf7+ Bf5 $1 {[%mdl 512]} 41. Qxf5+ Qxf5 42. Kg2 Qfxe4+ 43. Kh3 Rh8#) 33. Rxg2 fxg2+ 34. Rxg2 {[#]} Qxg2+ $1 {[%mdl 512]} 35. Kxg2 {[#]} Bh3+ $1 {[%mdl 512] Precision: White = 34%, Black = 37%.} 0-1

[Event "1st Irena Warakomska Memorial"]
[Site "Suwalki"]
[Date "2017.08.14"]
[Round "5"]
[White "Bartel, Mateusz"]
[Black "Mihok, Oliver"]
[Result "1-0"]
[WhiteElo "2608"]
[BlackElo "2534"]
[Annotator "TA"]
[PlyCount "161"]
[EventDate "2017.??.??"]
[EventType "swiss"]
[EventCountry "POL"]
[SourceTitle "playchess.com"]
[Source "ChessBase"]
[SourceQuality "1"]

{[%evp 25,161,35,37,27,26,38,28,12,23,0,-5,-17,0,0,0,0,0,0,0,0,0,0,22,25,46,53,57,26,33,8,11,-8,-8,-9,-9,0,0,0,0,0,0,0,0,0,4,0,0,0,0,0,0,0,4,0,0,0,0,0,0,0,7,0,0,0,0,0,0,0,0,0,0,-80,-80,-80,-8,0,0,0,0,0,0,0,0,0,0,0,0,0,149,161,158,156,181,181,181,156,181,180,182,149,162,169,187,187,179,172,174,172,191,187,172,150,193,172,420,381,1558,381,29964,29966,29964,29966,29967,29968,29971,29972,29972,29965,29973,29974,29976,29977,29979,29980,29980,29981,29981,29982]} 1. e4 c5 2. Nf3 e6 3. d4 cxd4 4. Nxd4 Nc6 5. Nc3 Qc7 6. g3 a6 7. Bg2 Nf6 8. O-O d6 9. Nxc6 bxc6 {B80: Sicilian Scheveningen: 6 g3 and 6 Be3, including English Attack} 10. Re1 Nd7 11. Na4 Bb7 12. b3 Be7 13. Bb2 O-O {LiveBook: 4 Games} 14. Qd2 (14. Qd4 Bf6 15. Qd2 Rfd8 16. Rad1 Bxb2 17. Nxb2 {1-0 (44) Rublevsky,S (2695)-Kurnosov,I (2657) Khanty-Mansiysk 2013}) 14... c5 $146 ({Predecessor:} 14... Rfd8 15. Rad1 c5 16. Bc3 a5 {1-0 (51) Tatai,S (2357)-Rodriguez Lapetra,P (2134) Santa Cruz de Tenerife 2010}) 15. Rad1 Bc6 16. Nc3 Rfe8 17. Ne2 Qb7 18. Nf4 Nf6 {[%cal Rf6e4]} 19. Qe2 e5 20. Nd5 Nxd5 21. exd5 Bd7 22. Qd2 Bf8 23. f4 {[%cal Rf4e5]} exf4 24. Qxf4 Rxe1+ 25. Rxe1 Re8 26. Rf1 Bc8 27. Be4 Bh3 28. Qh4 {[%csl Ge4][%cal Rh4h7]} h6 29. Qxh3 Rxe4 30. Qf5 Re2 31. Rf2 Re1+ 32. Kg2 Qe7 33. Bc3 Re3 34. Bd2 Re4 35. Kf1 Qe8 36. Qf3 g6 37. Re2 Rxe2 38. Qxe2 Qc8 {Hoping for ...Qf5+.} 39. Qe4 h5 40. Kg2 Bg7 41. Bf4 Qd7 42. Qd3 Qe7 43. h4 (43. Qe3 $5 {[%cal Re3e7]} Qd7 44. Qe2 $11) 43... Bd4 44. c3 Bg7 45. b4 cxb4 46. cxb4 Qf6 47. a3 Qb2+ 48. Qd2 (48. Kh3 $11) 48... Qxa3 $17 {Threatens to win with ...Bc3.} 49. Bxd6 {[#]} Qb3 ({Better is} 49... a5 $1 $17 {[%mdl 512]} 50. Bf4 (50. bxa5 Qxd6) 50... axb4) 50. Bf4 $11 Bc3 51. Qd3 Qb2+ 52. Kf3 Qxb4 53. d6 {next d7 is good for White.} Bf6 54. d7 Qb7+ 55. Kf2 Bd8 56. Bg5 Bb6+ {[#]} (56... Qb2+ $11 {remains equal.} 57. Kf1 Qa1+ 58. Kg2 Qb2+ 59. Kh3 Qb7) 57. Ke2 $1 $16 {[%mdl 1024] White has strong compensation.} ({Of course not} 57. Be3 $6 Bd8 $11) 57... Qg2+ 58. Kd1 Qh1+ 59. Kc2 Qc6+ 60. Kb1 Qh1+ 61. Ka2 Qg2+ 62. Kb3 Qb7 63. Ka3 Kh7 64. d8=Q Bxd8 65. Bxd8 Qc6 66. Ba5 Qc1+ 67. Ka2 Qc6 68. Bc3 {Qd4 is the strong threat.} Qe6+ 69. Ka3 {aiming for Qd8.} Qb6 $2 (69... f6 70. Qd8 Kg7 71. Qc7+ Kg8) 70. Qf3 $18 Qc5+ $2 (70... Qd6+ 71. Kb2 Qe6) 71. Kb2 Qb6+ $2 (71... Qb5+ $18 72. Kc1 Qf5 73. Qxf5 gxf5) 72. Kc2 {White mates.} Qe6 73. Qf6 Qxf6 74. Bxf6 {[%mdl 4096] Endgame KB-KP} Kg8 75. Kd3 Kf8 76. Ke4 Ke8 77. Ke5 Kd7 78. Bg5 a5 79. Kf6 Ke8 80. Bd2 a4 81. Bb4 {Precision: White = 72%, Black = 58%.} 1-0

[Event "1st Irena Warakomska Memorial"]
[Site "Suwalki"]
[Date "2017.08.14"]
[Round "5"]
[White "Mastrovasilis, Dimitrios"]
[Black "Jarmula, Lukasz"]
[Result "1/2-1/2"]
[WhiteElo "2596"]
[BlackElo "2457"]
[Annotator "TA"]
[PlyCount "66"]
[EventDate "2017.??.??"]
[EventType "swiss"]
[EventCountry "POL"]
[SourceTitle "playchess.com"]
[Source "ChessBase"]
[SourceQuality "1"]

{[%evp 22,66,7,6,0,-8,46,-37,-33,-80,-82,-74,-74,-82,-86,-116,-113,-120,-120,-120,-41,-60,-54,-94,-33,-33,-33,-33,-33,-33,-23,-35,-29,-65,-35,-55,0,0,0,0,0,0,0,0,0,0,0]} 1. e4 c5 2. Nf3 Nc6 3. d4 cxd4 4. Nxd4 Nf6 5. Nc3 e5 6. Ndb5 d6 7. Bg5 a6 8. Na3 b5 9. Nd5 Be7 10. Nxe7 Nxe7 11. Bxf6 gxf6 12. Bd3 {LiveBook: 8 Games} Rg8 {B33: Sicilian: Pelikan and Sveshnikov Variations} (12... f5 13. exf5 Bxf5 14. Bxf5 Nxf5 15. Qd3 Qg5 16. Qe4 Rc8 17. O-O Rg8 18. c3 b4 19. cxb4 Nd4 20. g3 {1-0 (50) Yildiz,B (2341)-Amura,C (2351) Istanbul 2012}) 13. Qf3 f5 $146 (13... Qb6 $11) ({Predecessor:} 13... Nc6 14. c3 Bg4 15. Qe3 Be6 16. O-O Qd7 17. Kh1 f5 18. exf5 Bd5 19. Be4 Bxe4 20. Qxe4 {1-0 (32) McMorrow,J-Hronchek,D Dublin 2007}) 14. O-O-O (14. exf5 $14 d5 15. f6) 14... f4 {[#] aiming for ...Bg4.Black is slightly better.} 15. Be2 Bg4 16. Qd3 Bxe2 17. Qxe2 Rxg2 18. Rhg1 Rxh2 19. Rh1 Rxh1 20. Rxh1 Ng6 (20... Ng8 $17 {And now ...Nf6 would win.} 21. Rxh7 Qg5) 21. Rxh7 Qg5 22. Rh1 Kf8 (22... Ke7 $17 23. Qf3 Nf8) 23. c4 $15 b4 24. Nc2 a5 25. Rd1 Qe7 26. Qd3 Rc8 27. Qd5 Rc5 28. Qa8+ Kg7 (28... Qe8 $1 $15 29. Qa6 Qc6 30. Rxd6 Qxa6 31. Rxa6 Rxc4) 29. b3 $11 {The position is equal.} Qc7 30. Kb2 Qb6 31. f3 Nh4 32. Rg1+ Ng6 33. Rd1 $1 Nh4 {Precision: White = 63%, Black = 55%.} 1/2-1/2

[Event "1st Irena Warakomska Memorial"]
[Site "Suwalki"]
[Date "2017.08.14"]
[Round "5"]
[White "Markowski, Tomasz"]
[Black "Kanarek, Marcel"]
[Result "1-0"]
[WhiteElo "2552"]
[BlackElo "2530"]
[Annotator "TA"]
[PlyCount "75"]
[EventDate "2017.??.??"]
[EventType "swiss"]
[EventCountry "POL"]
[SourceTitle "playchess.com"]
[Source "ChessBase"]
[SourceQuality "1"]

{[%evp 11,75,0,5,13,29,29,25,29,29,16,29,20,25,17,25,31,36,36,32,28,51,46,64,57,52,49,116,56,67,43,63,63,63,58,63,35,33,30,65,58,65,60,62,63,66,65,141,72,122,122,148,131,155,155,250,247,334,262,382,399,361,360,682,560,885,868]} 1. c4 g6 2. g3 Bg7 3. Bg2 e5 4. Nc3 Ne7 5. d3 d6 6. Rb1 a5 {LiveBook: 4 Games. A21: English Opening: 1...e5 2 Nc3} (6... O-O 7. e4 c6 8. Nge2 Be6 9. O-O Na6 10. b3 c5 11. f4 Qd7 12. a3 Rae8 13. Be3 b6 14. Qd2 {1-0 (37) Miezis,N (2518)-Scherer,R (2121) Baden 2016}) 7. e4 $146 ({Predecessor:} 7. a3 c6 8. e4 O-O 9. Nge2 Be6 10. O-O b5 11. cxb5 cxb5 12. Nxb5 a4 13. Be3 Nbc6 14. Qd2 {½-½ (55) Pitam,E (2295)-Chelushkina,I (2360) Kallithea 2008}) 7... c5 8. Nge2 Nbc6 {White has an edge.} 9. O-O O-O 10. Nb5 f5 11. exf5 Nxf5 12. Nec3 Nfd4 13. Be3 Kh8 14. Bxd4 Nxd4 15. a3 Rb8 16. b4 axb4 17. axb4 b6 18. Nxd4 exd4 ({Black should play} 18... cxd4 $14 19. Nd5 b5) 19. Ne4 (19. Nd5 $16) 19... cxb4 20. Qb3 d5 21. cxd5 Bb7 22. Qxb4 {d6 is the strong threat.} Bxd5 23. Rfe1 Bxe4 24. Bxe4 Qf6 25. Re2 Rfc8 26. Qa4 Bf8 27. Kg2 Bc5 28. h4 h5 (28... Rc7 $14) 29. Qb5 (29. Bd5 $142) 29... Qd6 30. f4 Re8 {[#]} 31. Rf1 $1 Rf8 32. Bf3 Rf6 (32... Rf5 $16 {is a better defense.} 33. Rfe1 Rc8) 33. Re5 $18 Re6 34. Rfe1 Rxe5 (34... Rf6 $142 35. Re7 Rd8) 35. Rxe5 ({Not} 35. fxe5 Qe6 $16) 35... Rf8 36. Be4 Kg7 $2 {[#]} (36... Rf6 37. Qe8+ Rf8) 37. Qb3 Rf6 38. Re8 {Precision: White = 71%, Black = 36%.} 1-0